Normal view MARC view

Entry Personal Name

Number of records used in: 1

001 - CONTROL NUMBER

  • control field: 3652

003 - CONTROL NUMBER IDENTIFIER

  • control field: dpl

005 - DATE AND TIME OF LATEST TRANSACTION

  • control field: 20100731161915.0

008 - FIXED-LENGTH DATA ELEMENTS

  • fixed length control field: 100731|||a|||||| | ||| d

040 ## - CATALOGING SOURCE

  • Original cataloging agency: dpl
  • Transcribing agency: dpl

100 ## - HEADING--PERSONAL NAME

  • Personal name: Joon, sanjeev

670 ## - SOURCE DATA FOUND

  • Source citation: Work cat.: (dpl)37029: Joon, sanjeev, Complete guide for SSC (Staff Selection Commission) combined graduate level examination :, 2010

670 ## - SOURCE DATA FOUND

  • Source citation: Work cat.: (dpl)37029: Joon, sanjeev, Complete guide for SSC (Staff Selection Commission) combined graduate level examination :, 2010

© Delhi Public Library
Hit Counter
free hit counter